000
00323nam a22001457a 4500
003
OSt
008
260112b |||||||| |||| 00| 0 eng d
020
_a
9789387944893
100
_a
Sharma, Robin
245
_a
The 5 AM Club
260
_a
Delhi
_b
Jaico Book
_c
2025
300
_a
314
650
_a
General
942
_2
ddc
_c
BK
999
_c
13780
_d
13780